00198nam a22000857a 4500008004100000082001700041100000900058245003700067300000800104230620b xxu||||| |||| 00| 0 eng d a324.26bKANU cKANU aThe KANU CODE OF DISCIPLINE 1986 a15P